Informačné a komunikačné technológie v znalostnej ekonomike
Informačná spoločnosť a znalostná ekonomika. Vplyv informačných a komunikačných technológií na ekonomiku. Zmena úlohy štátu a verejných inštitúcií v znalostnej ekonomike. Prezentácia výsledkov socio-ekonomickej analýzy realizovanej v rámci medzinárodného projektu IST - 1999-29088 PRISMA - "Poskyto...
Guardado en:
| Autor principal: | |
|---|---|
| Formato: | Capítulo de libro |
| Lenguaje: | eslovaco |
| Materias: | |
| Etiquetas: |
Sin Etiquetas, Sea el primero en etiquetar este registro!
|
MARC
| LEADER | 00000naa$a2200000$$$4500 | ||
|---|---|---|---|
| 001 | 0027499 | ||
| 005 | 20230929124846.2 | ||
| 041 | 0 | |a slo | |
| 044 | |a CZ | ||
| 245 | 1 | 0 | |a Informačné a komunikačné technológie v znalostnej ekonomike |c Tomáš Sabol |
| 520 | |a Informačná spoločnosť a znalostná ekonomika. Vplyv informačných a komunikačných technológií na ekonomiku. Zmena úlohy štátu a verejných inštitúcií v znalostnej ekonomike. Prezentácia výsledkov socio-ekonomickej analýzy realizovanej v rámci medzinárodného projektu IST - 1999-29088 PRISMA - "Poskytovanie inovatívnych modelov služieb a ich hodnotenie" . Zmeny úlohy štátu a verejných inštitúcií v znalostnej ekonomike. Elektronizácia verejnej správy. Akčný plán eEurope+.Vzorové príklady. Odporúčania súvisiace s rozvojom informačnej spoločnosti ako celku. | ||
| 610 | 2 | 0 | |a ekonomika nová |
| 610 | 2 | 0 | |a technológie informačné |
| 610 | 2 | 0 | |a technológie komunikačné |
| 610 | 2 | 0 | |a ekonomika vedomostná |
| 610 | 2 | 0 | |a spoločnosť informačná |
| 610 | 2 | 0 | |a digitalizácia |
| 610 | 2 | 0 | |a správa štátna |
| 610 | 2 | 0 | |a správa verejná |
| 610 | 2 | 0 | |a elektronizácia |
| 610 | 2 | 0 | |a krajiny vyspelé |
| 100 | 1 | |a Sabol, Tomáš | |